00490nam a22001577a 450000500170000001000150001702000260003203500130005803700130007108200160008410000190010024500740011926000310019327000830022430000250030720140917110558.0 aENG-110878 a9789351431633c295.00 aEN-94410 bDBAD/PUB a343.5409944 aTiwari, Garima aUnderstanding laws :cby Garima Tiwaribcyber laws and cyber crimes / aGurgaonbLexis Nexisc2014 a14th Floor, Building No.10, Tower-B, DLF Cyber City, Phase-IIbGurgaone122002 axii,162p.c22cm(pbk)